000 00757nam a22001935i 4500
001 168972
003 ES-MaACL
005 20250809063534.0
008 080709s1999 sp |||| | spa d
080 _a929 Selva, Pedro Antonio
100 1 _aVilar, Juan Bautista,
_d1941-2018
_9114797
245 1 3 _aLa mala vida en Villena en 1800
_b: las costumbres de un joven abogado volteriano /
_cJuan B. Vilar.
260 _aMurcia :
_bUniversidad,
_c1999.
300 _ap. [171]-181 ;
_c24 cm.
595 _aSeparata de: Contrastes : revista de historia moderna, nÂș 11, 1998-2000.
600 1 4 _aSelva, Pedro Antonio.
_9138090
852 _aES-MaACL
_j2232-F-13
_9R.137656
_z.- An. ms. : Ded. del autor al Ateneo de Madrid
999 _c168972
_d168972